000 01412nam0a22003011 4500
001 RU\INFOCOMM_322\NLR\5000081973
005 20250613102649.0
035 _a(NLR Aleph) 009449432
090 _a8396271
_c8396271
100 _a20121130d1986 |||y0rusy50 ca
101 0 _aeng
_drus
102 _aRU
105 _ay z |||||
200 1 _aInvestigation of the O*+ - O*- transitions in *16O(p, p´)*16O and *16O(p, n)*16F reactions at 35≤Ep≤135 MeV
_fF. A. Gareev, M. Gmitro, S. N. Ershov, P. P. Korovin
210 _aДубна
_cОбъед. ин-т ядер. исслед.
_d1986
215 _a10 с.
_cграф.
_d21 см
225 1 _aСообщения Объединенного института ядерных исследований, Дубна
_vЕ4-86-21
300 _aНа 3-й с. обл.: Исследование O*+ - O*- переходов в реакциях *16O(p, p´)*16O и *16O(p, n)*16F при 35≤Ep≤135 МэВ / Гареев Ф. А. и др.
300 _aРез. на рус. яз.
320 _aБиблиогр.: с. 9-10
606 _aАтомное ядро
_xЯдерные реакции при малых энергиях
_91047620
_3RU\NLR\AUTH\6686381
686 _aВ383.54
_2rubbk
701 1 _aGareev
_bF. A.
_gFangil' Achmatgareevič
801 1 _aRU
_bNLR
_c20121130
801 0 _aRU
_bINFOCOMM
_gPSBO
852 _aNLR
_jФз01 Д-4/4160
942 _cBOOK
980 _aNB